| 000 | 01218nam a22002057a 4500 | ||
|---|---|---|---|
| 999 |
_c59847 _d59847 |
||
| 003 | Ge_BSU | ||
| 005 | 20230427163721.0 | ||
| 008 | 230427s1977ge xxu||||| |||| 00| 0 geo d | ||
| 041 | _ageo | ||
| 080 | _a902.2(479.22) ს-32 | ||
| 245 |
_aსაქართველოს სახელმწიფო მუზეუმის არქეოლოგიური ექსპედიციები. _bკრ. 5 / _cრედ. ალ.ჯავახიშვილი |
||
| 264 |
_aთბილისი : _bმეცნიერება, _c1977. |
||
| 300 |
_a175 გვ. : _b16 ფ. ილ. _c23 სმ. |
||
| 520 | _aსტატიების ბოლოს რეზ. რუს. ენ. | ||
| 653 | _aარქეოლოგიური გათხრები საქართველოში. | ||
| 700 |
_aჯავახიშვილი, ალ _eრედაქტორი _917849 |
||
| 710 | _4საქართველოს სსრ მეცნიერებათა აკადემია. | ||
| 710 |
_a ს.ჯანაშიას სახელობის საქართველოს სახელმწიფო მუზეუმი. _917850 |
||
| 942 |
_2udc _cBK |
||